书目信息 |
| 题名: |
版本通仪
|
|
| 作者: | 钱基博 著 | |
| 分册: | ||
| 出版信息: | 古籍出版社 1957 |
|
| 页数: | 103页 | |
| 开本: | 20cm | |
| 丛书名: | ||
| 单 册: | ||
| 中图分类: | G256.2 | |
| 科图分类: | ||
| 主题词: | 图书馆学 , 图书馆事业 | |
| 电子资源: | ||
| ISBN: | ||
| 000 | 00490nam0 2200193 450 | |
| 001 | 0632598266 | |
| 005 | 20060728090449.89 | |
| 010 | @dCNY0.32 | |
| 100 | @a20060728d1957 km y0chiy0120 ea | |
| 101 | 0 | @achi |
| 200 | 1 | @a版本通仪@Aban ben tong yi@f钱基博著@Fqian ji bo zhu |
| 210 | @c古籍出版社@d1957 | |
| 215 | @a103页@d20cm | |
| 606 | 0 | @a图书馆学 |
| 606 | 0 | @a图书馆事业 |
| 690 | @aG256.2@v3 | |
| 701 | 0 | @a钱基博@Aqian ji bo@4著 |
| 801 | 0 | @aCN@bPFT@c20060728 |
| 905 | @a10447@dG256.2@e63 | |
| 版本通仪/钱基博著.-古籍出版社,1957 |
| 103页;20cm |
| ISBN :CNY0.32 |
| ● |
| 相关链接 |
|
|
|
|
正题名:版本通仪
索取号:G256.2/63
 
预约/预借
| 序号 | 登录号 | 条形码 | 馆藏地/架位号 | 状态 | 备注 |
| 1 | 0440259 | 204402592 | 密集书库/ [索取号:G256.2/63] | 在馆 |